000 00281nam a22001337a 4500
008 210428b ||||| |||| 00| 0 eng d
041 _aeng
080 _a82
082 _a82
100 _a21
101 _aGJL
245 _aDie Papste und die Hexen
_cDecker,R
942 _2udc
_cBK
999 _c56913
_d56913